| 000 | 01378nam a2200373 c 4500 | ||
|---|---|---|---|
| 003 | BLK | ||
| 005 | 20250520121913.0 | ||
| 008 | 180410b bul|||||r ||||||| ||bul|| | ||
| 010 | _aKNG00161859000 | ||
| 020 |
_a978-954-330-392-2 _bиздат.: Унискорп |
||
| 040 | _aBLK | ||
| 041 |
_aBUL _cBUL |
||
| 072 | 7 |
_2bullib _aН8301 _xТрилъри Н |
|
| 080 |
_aПеруанска литература _b821.134.2(85) _x-312.4 _z821.134.2(85)-312.4 |
||
| 100 | 1 |
_aФратини, Ерик _eпърви автор _9134882 |
|
| 700 | 1 |
_aЗлатев, Георги _eпрев. от исп. _9332731 |
|
| 139 |
_aФратини, Ерик _bФ 81 |
||
| 245 | 1 | 0 |
_aЛабиринтът на водата _bИст. трилър _cЕрик Фратини; прев. от исп. Георги Златев. |
| 257 | _aPER | ||
| 260 |
_аСофия _bУнискорп _c2014 |
||
| 300 |
_a456 с. _c21 см |
||
| 380 | _aX | ||
| 490 | 1 | _aПоредица Избрано за вас | |
| 500 | _aОриг. загл. El Laberinto de Agua / Eric Frattini. | ||
| 653 | _aтрилъри | ||
| 653 | _aромани | ||
| 659 | _aН | ||
| 852 | _aЦб 269252 | ||
| 856 | 4 |
_qpdf _u |
|
| 856 | 4 |
_qpdf _u |
|
| 942 |
_cKNG _n0 _05 |
||
| 944 |
_aCR _c10.06.2014 _lХристина Везирева _k30535 |
||
| 944 |
_aED _c20.09.2016 _lф / _kЛюдмила_Стоянова |
||
| 999 |
_c155185 _d155185 |
||